02002 a2200301 45000010006000000050017000060080041000230030015000640400040000790800078001192450052001970200022002492500013002712640034002843000023003185050631003410410008009729420007009805900036009871000029010237000028010527000024010808560099011049990015012039520148012189520141013669520193015074928320260407155756.0260407a2019 arg spa dAR-UNSa-BCEJYS aAR-UNSa-BCEJYSbspacAR-UNSa-BCEJYS a336.226.1xImpuestos a las ganancias o los beneficios (Impuesto Diferido)10aImpuesto a las gananciaspexplicado y comentado a978-987-01-2310-1 a13a. ed. 1aBuenos Aires :bErreparc2019 axi, 252 p.c27 cm. a1. Aspectos teóricos de la imposición de la renta - 2. Hecho imponible - 3. Exenciones - 4. Criterios de imputación - 5. Determinación general del impuesto - 6. Valuación de bienes de uso e inversiones - 7. Ganancias de la primera categoría - 8. Ganancia de la segunda categoría - 9. Guanacias de la cuarta categoría - 10. Ganancias de la tercera categoría - 11. Amortizaciones - 12. Operaciones entre empresas vinculadas - 13. Situaciones especiales previstas por la ley - 14. Reorganización de sociedades - 15. Beneficiarios del exterior - 16. Renta mundial - 17. Liquidación e ingreso del impuesto.  aspa cBK aniveau_biblio:m niveau_hierar:01 aCeldeiro, Ernesto Carlos1 aImirizaldu, Juan José1 aRofrano, Guido Omar41uhttps://www.biblioeco.unsa.edu.ar/pmb/images/libros/L127925.jpgyImagen de portadaqimage/jpeg c4790d4790 00104070aBCEJYSbBCEJYSc16d2026-04-07l0o336.226.1 C392 13ed.pL127925r2026-04-07 15:57:56w2026-04-07yLzÙLTIMAS PÀGINAS HÙMEDAS 00104070aBCEJYSbBCEJYSc16d2026-04-07l0o336.226.1 C392 13ed.pL127926r2026-04-07 15:57:56w2026-04-07yLzCANTO LATERAL MANCHADO 00104070aBCEJYSbBCEJYSc16d2026-04-07l0o336.226.1 C392 13ed.pL127927r2026-04-07 15:57:56w2026-04-07yLzÙLTIMA PÀG HÙMEDA - DESDE INICIO A PÀG 10 HÙMEDAS - TAPA DOBLADA